Normal view
MARC view
- Creswell, John W.
Entry Personal Name
001 - CONTROL NUMBER
- control field: 4221
003 - CONTROL NUMBER IDENTIFIER
- control field: NUST
005 - DATE AND TIME OF LATEST TRANSACTION
- control field: 20170825104626.0
008 - FIXED-LENGTH DATA ELEMENTS
- fixed length control field: 170825|| aca||aabn | a|a d
040 ## - CATALOGING SOURCE
- Original cataloging agency: NUST
- Transcribing agency: NUST
100 ## - HEADING--PERSONAL NAME
- Personal name: Creswell, John W.
- Title of a work: Qualitative inquiry & research design.
670 ## - SOURCE DATA FOUND
- Source citation: Work cat.: (NUST)2598: Creswell, John W. 4220, Qualitative inquiry and research design :, c2013.
